<?xml version="1.0" encoding="UTF-8"?>
<record
    xmlns:xsi="http://www.w3.org/2001/XMLSchema-instance"
    xsi:schemaLocation="http://www.loc.gov/MARC21/slim http://www.loc.gov/standards/marcxml/schema/MARC21slim.xsd"
    xmlns="http://www.loc.gov/MARC21/slim">

  <leader>02153nam a22002417a 4500</leader>
  <controlfield tag="001">2516</controlfield>
  <controlfield tag="005">20231213144628.0</controlfield>
  <datafield tag="020" ind1=" " ind2=" ">
    <subfield code="a">9781857886795</subfield>
  </datafield>
  <datafield tag="040" ind1=" " ind2=" ">
    <subfield code="a">DLC</subfield>
    <subfield code="c">DLC</subfield>
    <subfield code="b">eng</subfield>
  </datafield>
  <datafield tag="050" ind1="0" ind2="0">
    <subfield code="a">SDA 54657</subfield>
  </datafield>
  <datafield tag="082" ind1=" " ind2=" ">
    <subfield code="a">158.2</subfield>
  </datafield>
  <datafield tag="100" ind1="1" ind2=" ">
    <subfield code="a">Blanchard, Kenneth H.</subfield>
  </datafield>
  <datafield tag="245" ind1="1" ind2="0">
    <subfield code="a">Whale done!:</subfield>
    <subfield code="b">the power of positive relationships /</subfield>
  </datafield>
  <datafield tag="250" ind1=" " ind2=" ">
    <subfield code="a">First published in hardback in 2002</subfield>
  </datafield>
  <datafield tag="260" ind1=" " ind2=" ">
    <subfield code="a">London :</subfield>
    <subfield code="b">Nicholas Brealey Publishing,</subfield>
    <subfield code="c">2002</subfield>
  </datafield>
  <datafield tag="300" ind1=" " ind2=" ">
    <subfield code="a">123 pages :</subfield>
    <subfield code="c">20 cm</subfield>
  </datafield>
  <datafield tag="500" ind1=" " ind2=" ">
    <subfield code="a">Compact disc.</subfield>
  </datafield>
  <datafield tag="505" ind1=" " ind2=" ">
    <subfield code="a">T </subfield>
  </datafield>
  <datafield tag="520" ind1=" " ind2=" ">
    <subfield code="a">What do employees and coworkers have in common with a five-ton killer whale? A whole lot more than you think, according to the mega-bestselling author Ken Blanchard and his coauthors from SeaWorld. Whales respond best to positive reinforcement. So do humans. In this moving and inspirational new audiobook, Blanchard explains how using the techniques of animal trainers -- specifically those responsible for the killer whales of SeaWorld -- can supercharge your effectiveness at work and at home. When gruff business manager and family man Wes Kingsley visited SeaWorld, he marveled at the ability of the trainers to lead huge killer whales in performing acrobatic leaps and dives. Later, talking to the chief trainer, he learned their techniques of building trust, accentuating the positive, and redirecting negative behavior -- all of which make these extraordinary performances possible. Kingsley took a hard look at his own often accusatory management style and recognized how some of his shortcomings as a manager, spouse, and father actually diminish trust and damage relationships. He began to see the difference between "GOTcha" (catching people doing things wrong) and "Whale Done!" (catching people doing things right). In Whale Done!, Ken Blanchard shows how positive reinforcement and redirection can help increase productivity. These techniques are remarkably easy to master and can be applied equally well at home, allowing listeners to become better parents and more committed spouses and have happier personal lives.</subfield>
  </datafield>
  <datafield tag="521" ind1=" " ind2=" ">
    <subfield code="a">800 </subfield>
    <subfield code="b">Lexile estimate</subfield>
  </datafield>
  <datafield tag="521" ind1=" " ind2=" ">
    <subfield code="a">T </subfield>
    <subfield code="b">Raz-Plus</subfield>
  </datafield>
  <datafield tag="942" ind1=" " ind2=" ">
    <subfield code="2">ddc</subfield>
    <subfield code="c">BK</subfield>
    <subfield code="n">0</subfield>
  </datafield>
  <datafield tag="999" ind1=" " ind2=" ">
    <subfield code="c">2516</subfield>
    <subfield code="d">2516</subfield>
  </datafield>
  <datafield tag="952" ind1=" " ind2=" ">
    <subfield code="0">0</subfield>
    <subfield code="1">0</subfield>
    <subfield code="2">ddc</subfield>
    <subfield code="4">0</subfield>
    <subfield code="7">0</subfield>
    <subfield code="8">NFIC</subfield>
    <subfield code="a">001</subfield>
    <subfield code="b">001</subfield>
    <subfield code="c">SNS</subfield>
    <subfield code="d">2023-12-13</subfield>
    <subfield code="l">2</subfield>
    <subfield code="o">BLA 158.2 BF503.W48</subfield>
    <subfield code="p">2023-0775</subfield>
    <subfield code="r">2025-12-01 10:07:31</subfield>
    <subfield code="s">2025-11-10</subfield>
    <subfield code="w">2023-12-13</subfield>
    <subfield code="y">BK</subfield>
  </datafield>
</record>
